00000000nam##2200000za#4500
0019.642389
003CaOODSP
00520210624223656
007cr |||||||||||
008150407|2003||||xxc|||||o    f|0| 0 fre|d
040 |aCaOODSP|bfre
043 |an-cn---
0861 |aR2-226/2003-1F-PDF
1101 |aCanada.|bAffaires indiennes et du Nord.
24510|aLignes directrices sur l'aménagement des terres du Nord. Vue générale |h[ressource électronique]
260 |aOttawa - Ontario : |bAffaires indiennes et du Nord |c2003.
300 |a22p.|bfigure, photographies
500 |aLe n° de catalogue (R2-226/2003-1F) et l'ISBN (0-662-87676-8) de l'édition imprimée ont été incorrectement copiés dans l'édition électronique.
504 |aBibliographie.
590 |a13-20-Supp|b2013-08-30
69107|aAffaires autochtones|2gcpds
69107|aDéveloppement durable|2gcpds
69107|aProtection de l'environnement|2gcpds
69107|aTerres de la Couronne|2gcpds
77508|tNorthern land use guidelines. Overview |w(CaOODSP)9.698376
7760#|tLignes directrices sur l'aménagement des terres du Nord : |w(CaOODSP)9.681910
85640|ahttp://publications.gc.ca|qPDF|s1.01 Mo|uhttps://publications.gc.ca/collections/collection_2013/aadnc-aandc/R2-226-2003-1-fra.pdf
986 |aQS-8622-010-FF-A1